Online Catalogue and eLibrary

Sri Lankawe roma landesi neethiya saha engreesi neethiya (Record no. 5094)

MARC details
000 -LEADER
fixed length control field 00379nam a2200145Ia 4500
005 - DATE AND TIME OF LATEST TRANSACTION
control field 20250624034303.0
008 - FIXED-LENGTH DATA ELEMENTS--GENERAL INFORMATION
fixed length control field 240331s9999 xx 000 0 und d
020 ## - INTERNATIONAL STANDARD BOOK NUMBER
ISBN 9559513624
082 ## - DDC Classification
Item Number - Author Mark DEC
Class No. 340
100 ## - MAIN ENTRY--PERSONAL NAME
Personal name De Costa,J
245 #0 - TITLE STATEMENT
Title Sri Lankawe roma landesi neethiya saha engreesi neethiya
260 ## - PUBLICATION, DISTRIBUTION, ETC.
Place of publication, distribution, etc. Colombo
Name of publisher, distributor, etc. Jayatissa De Costa
Date of publication, distribution, etc. 1993
300 ## - PHYSICAL DESCRIPTION
Extent (e.g. Volumes, Pages etc.) 62 p .,
942 ## - Koha item type (Biblio)
Koha item type Books in Stacks (Lending)
Holdings
Lost status Damaged status Collection code Home library Current library Shelving location Date acquired Full call number Accession Number Item type
    Lending WERC Library WERC Library Social Science Cupboard 03/31/2024 340.54 DEC 3347 Books in Stacks (Lending)

© WERC Library